| Tag |
First Indicator |
Second Indicator |
Subfields |
| LEADER |
00000cam a2200000Ia 4500 |
| 001 |
in00002004530 |
| 005 |
20220105141454.0 |
| 006 |
m d |
| 007 |
cr cn- |
| 008 |
030915s2003 njua sb 001 0 eng d |
| 020 |
|
|
|a 0471483893 (electronic bk.)
|
| 035 |
|
|
|a (OCoLC)ocm53026247
|
| 040 |
|
|
|a N$T
|c N$T
|d UtOrBLW
|
| 049 |
|
|
|a IKMN
|
| 050 |
1 |
4 |
|a HD31
|b .S6924 2003eb
|
| 082 |
0 |
4 |
|a 658.15/1
|2 22
|
| 100 |
1 |
|
|a Stenzel, Catherine.
|0 http://id.loc.gov/authorities/names/nb2002073688
|
| 245 |
1 |
0 |
|a From cost to performance management :
|b a blueprint for organizational development /
|c Catherine Stenzel, Joe Stenzel.
|
| 264 |
|
1 |
|a Hoboken, N.J :
|b J. Wiley & Sons,
|c [2003]
|
| 264 |
|
4 |
|c ©2003
|
| 300 |
|
|
|a xv, 331 pages :
|b illustrations
|
| 336 |
|
|
|a text
|b txt
|2 rdacontent
|
| 337 |
|
|
|a computer
|b c
|2 rdamedia
|
| 338 |
|
|
|a online resource
|b cr
|2 rdacarrier
|
| 504 |
|
|
|a Includes bibliographical references and index.
|
| 505 |
0 |
|
|a Developmental discipline in cost and performance management -- Cost management : control and profitability -- Cost types : early communication attempts -- Standards, budgets, and forecasts : learning to compare and coordinate -- Operational resource accounting : learning new rules and roles -- Processes, activities, and resources : shaping organizational identity -- Intentional tactics : patterns, participation, and performance -- Quantum strategy : release, reliance, and reversal -- Accounting for the common wealth.
|
| 533 |
|
|
|a Electronic reproduction.
|b Boulder, Colo. :
|c NetLibrary,
|d 2003.
|n Available via World Wide Web.
|n Access may be limited to NetLibrary affiliated libraries.
|
| 500 |
|
|
|a Electronic resource.
|
| 650 |
|
0 |
|a Industrial management.
|0 http://id.loc.gov/authorities/subjects/sh85065889
|
| 650 |
|
0 |
|a Industrial management
|x Cost effectiveness.
|
| 650 |
|
0 |
|a Performance
|x Management.
|0 http://id.loc.gov/authorities/subjects/sh2008109057
|
| 650 |
|
0 |
|a Organizational effectiveness.
|0 http://id.loc.gov/authorities/subjects/sh85095526
|
| 650 |
|
0 |
|a Value.
|0 http://id.loc.gov/authorities/subjects/sh85141930
|
| 655 |
|
7 |
|a Electronic books.
|2 local
|
| 700 |
1 |
|
|a Stenzel, Joe.
|0 http://id.loc.gov/authorities/names/nb2002073689
|
| 710 |
2 |
|
|a NetLibrary, Inc.
|0 http://id.loc.gov/authorities/names/no99080690
|
| 776 |
1 |
|
|c Original
|z 0471423297
|w (DLC) 2003000569
|w (OCoLC)51460982
|
| 856 |
4 |
1 |
|u https://proxy.library.tamu.edu/login?url=http://www.netLibrary.com/urlapi.asp?action=summary&v=1&bookid=91824
|z Connect to the full text of this electronic book
|t 0
|
| 994 |
|
|
|a 92
|b IKM
|
| 999 |
|
|
|a MARS
|
| 999 |
f |
f |
|s 4693f5a4-a654-3ac6-8dec-3785c28d1ce8
|i fcc332bd-f5f4-3ccb-a10f-d948fdf2aaeb
|t 0
|
| 952 |
f |
f |
|a Texas A&M University
|b College Station
|c Electronic Resources
|d Available Online
|t 0
|e HD31 .S6924 2003eb
|h Library of Congress classification
|
| 998 |
f |
f |
|a HD31 .S6924 2003eb
|t 0
|l Available Online
|